=LDR 00000nam 2200000 4500 =001 INLIS000000000019589 =005 20130612114630 =008 ***********************************Ind** =035 ##$$0010-061300000019589 =041 ##$$a Ind =082 ##$$a 615.836 =090 ##$$a 615.836, Pri a =100 ##$$a Primadiati, Rakhmi =245 ##$$a Aromaterapi, penawaran alami untuk sehat dan cantik/dr. Rachmi primadiati =260 ##$$a 2002 $b Jakarta =300 ##$$a 181 hlm, ilus, 24 cm =650 ##$$a Terapi Aroma =850 ##$$a NBPNMAT =990 ##$$a 0001/BPAP-NTB/2016 =990 ##$$a 1283912839 =990 ##$$a 0001/BPAP-NTB/2016 =990 ##$$a 01201712839 =990 ##$$a 01201712839 =990 ##$$a 0001/BPAP-NTB/2016